Statistics for Victoria 3 Major Countries

Click here to take the quiz!

General Stats

  • This quiz has been taken 142 times
  • The average score is 33 of 45

Answer Stats

TierRankAnswer% Correct
Great Power2France
98%
Great Power1Great Britain
98%
Great Power3Russia
98%
Major Power12Great Qing
96%
Great Power6United States of America
96%
Great Power4Austria
95%
Great Power5Prussia
95%
Major Power9Ottoman Empire
94%
Major Power15Japanese Shogunate
93%
Minor Power18Brazil
92%
Minor Power28Mexico
92%
Major Power8Spain
91%
Minor Power24Portugal
90%
Minor Power17Sweden
89%
Major Power10Netherlands
86%
Minor Power22Denmark
84%
Major Power13Egypt
83%
Minor Power31Argentina
82%
Minor Power16Belgium
82%
Major Power7East India Company
81%
Minor Power34New Granada
80%
Minor Power39Persia
80%
Minor Power35Chile
79%
Minor Power25Norway
79%
Minor Power29Peru
79%
Major Power11Two Sicilies
79%
Minor Power40Joeson
74%
Minor Power19Sardinia-Piedmont
72%
Minor Power20Bavaria
71%
Minor Power38Siam
71%
Minor Power23Bolivia
68%
Minor Power44Morocco
64%
Minor Power37Greece
63%
Minor Power42Dai Nam
59%
Minor Power30Hanover
53%
Minor Power33Cape Colony
50%
Minor Power43Burma
49%
Minor Power21Dutch East Indies
49%
Minor Power26Saxony
46%
Minor Power36Baden
44%
Minor Power45Oman
42%
Minor Power41Sokoto
40%
Minor Power27Württemberg
39%
Major Power14Sikh Empire
33%
Minor Power32Spanish Philippines
29%

Score Distribution

Percentile by Number Answered

Percent of People with Each Score

Your Score History

You have not taken this quiz